Založenie a vznik podniku ako fáza životného cyklu podniku bakalárska práca

Na minha lista:
Detalhes bibliográficos
Autor principal: Mieresová, Kristína
Autor Corporativo: Fakulta podnikového manažmentu EU. Katedra podnikovohospodárska
Outros Autores: Gajdová, Denisa, 1977-
Formato: Livro
Idioma:eslovaco
Publicado em: Bratislava 2017
Tags: Adicionar Tag
Sem tags, seja o primeiro a adicionar uma tag!

MARC

LEADER 00000nbm a2200000 4500
001 0232480
005 20171024102457.6
041 0 |a slo 
044 |a SK 
245 1 0 |a Založenie a vznik podniku ako fáza životného cyklu podniku  |b bakalárska práca  |c Kristína Mieresová ; školiteľ: Denisa Gajdová 
264 1 |a Bratislava  |c 2017 
300 |a 54 s. 
100 1 |a Mieresová, Kristína 
700 1 |a Gajdová, Denisa, 1977- 
710 2 |a Fakulta podnikového manažmentu EU. Katedra podnikovohospodárska